00756nam a2200241 a 4500001001300000003000900013005001700022008004100039020002500080082001600105100002000121245006400141260003500205300000900240500003500249505001500284650003600299700002000335902000800355942000700363952012900370999001500499nice12345678IN_TiNIC20260116013129.0050524s1986 newa grp 000 0 eng  a0809114 c595.700a291.82bKRA aKramer, Kenneth aWorld Scripturesb an Introduction to Comparative Religions aNew YorkbPaulist Press c1986 a298p aincludes index and biblioraphy2 aReferences aComparative Religion-Scriptures1 aKramer, Kenneth bSRS cBK 001040708StackRoom-aHMIbHMId2007-10-30g595.70l1o291.82 KRAp016495r2019-07-02s2019-06-20v595.70w2005-05-24yBK c9783d9783